Saving lives & saving money : (Record no. 27242)

000 -LEADER
fixed length control field 01501cam a2200349 a 4500
001 - CONTROL NUMBER
control field 13419711
005 - DATE AND TIME OF LATEST TRANSACTION
control field 20170207164242.0
008 - FIXED-LENGTH DATA ELEMENTS--GENERAL INFORMATION
fixed length control field 031201s2003 dcuaf b 000 0 eng d
010 ## - LIBRARY OF CONGRESS CONTROL NUMBER
LC control number 2004351300
020 ## - INTERNATIONAL STANDARD BOOK NUMBER
International Standard Book Number 0970548540 (pbk.)
035 ## - SYSTEM CONTROL NUMBER
System control number (OCoLC)ocm52467552
043 ## - GEOGRAPHIC AREA CODE
Geographic area code n-us---
050 00 - LIBRARY OF CONGRESS CALL NUMBER
Classification number RA395 .A3G485 2003
100 1# - MAIN ENTRY--PERSONAL NAME
Personal name Gingrich, Newt.
245 10 - TITLE STATEMENT
Title Saving lives & saving money :
Remainder of title transforming health and healthcare /
Statement of responsibility, etc. Newt Gingrich with Dana Pavey and Anne Woodbury.
246 3# - VARYING FORM OF TITLE
Title proper/short title Saving lives and saving money
246 30 - VARYING FORM OF TITLE
Title proper/short title Transforming health and healthcare
260 ## - PUBLICATION, DISTRIBUTION, ETC. (IMPRINT)
Place of publication, distribution, etc. Washington, DC :
Name of publisher, distributor, etc. The Alexis de Tocqueville Institution,
Date of publication, distribution, etc. c2003.
300 ## - PHYSICAL DESCRIPTION
Extent iii, 308 p., [14] p. of plates :
Other physical details ill. ;
Dimensions 23 cm.
504 ## - BIBLIOGRAPHY, ETC. NOTE
Bibliography, etc Includes bibliographical references (p. 298-299) and web site resources (p. 297-298).
650 #0 - SUBJECT ADDED ENTRY--TOPICAL TERM
Topical term or geographic name as entry element Health care reform
Geographic subdivision United States.
650 #0 - SUBJECT ADDED ENTRY--TOPICAL TERM
Topical term or geographic name as entry element Medical policy
Geographic subdivision United States.
650 #0 - SUBJECT ADDED ENTRY--TOPICAL TERM
Topical term or geographic name as entry element Medical care
Geographic subdivision United States.
700 1# - ADDED ENTRY--PERSONAL NAME
Personal name Pavey, Dana.
700 1# - ADDED ENTRY--PERSONAL NAME
Personal name Woodbury, Anne.
942 ## - ADDED ENTRY ELEMENTS (KOHA)
Source of classification or shelving scheme
Koha item type Hard Covered Materials
Holdings
Withdrawn status Lost status Source of classification or shelving scheme Damaged status Not for loan Home library Current library Shelving location Date acquired Source of acquisition Total Checkouts Full call number Barcode Date last seen Price effective from Koha item type
          MACHAKOS UNIVERSITY LIBRARY MACHAKOS UNIVERSITY LIBRARY Technical section 07/02/2017 Donation(BFA)   RA395 .A3G485 2003 34869 07/08/2018 07/02/2017 Hard Covered Materials
© Machakos University Library, Along The Highway, Machakos Wote Rd, Machakos, Kenya P.O. Box 136 - 90100 Machakos - Kenya

Tel: ( +254 ) 723 805829 OR Fax : 044-20353 OR Email: library@mksu.ac.ke